Moneda en Colombia : (Registro nro. 8227)

Detalles MARC
000 -LEADER
fixed length control field 02118nam a2200229Ia 4500
003 - CONTROL NUMBER IDENTIFIER
control field OSt
005 - DATE AND TIME OF LATEST TRANSACTION
control field 20210805111940.0
008 - FIXED-LENGTH DATA ELEMENTS--GENERAL INFORMATION
fixed length control field 210310s1983 ck ad fr 000 0dspa d
040 ## - CATALOGING SOURCE
Original cataloging agency CO-JMCR
Transcribing agency CO-JMCR
041 0# - LANGUAGE CODE
Language code of text/sound track or separate title spa
082 04 - DEWEY DECIMAL CLASSIFICATION NUMBER
Classification number 332.49861
Item number C976m
Edition number 23
100 1# - MAIN ENTRY--PERSONAL NAME
Personal name Currie, Lauchlin Bernard,
9 (RLIN) 4251
Relator term autor
245 10 - TITLE STATEMENT
Title Moneda en Colombia :
Remainder of title comportamiento y control /
Statement of responsibility, etc. Lauchlin Currie
260 ## - PUBLICATION, DISTRIBUTION, ETC.
Place of publication, distribution, etc. Bogotá :
Name of publisher, distributor, etc. Fondo Cultural Cafetero,
Date of publication, distribution, etc. 1983
300 ## - PHYSICAL DESCRIPTION
Extent 171 páginas :
Other physical details ilustraciones y gráficas a blanco y negro ;
Dimensions 23 cm.
500 ## - GENERAL NOTE
General note Incluye notas a pie de página y datos biográficos del autor.
505 0# - FORMATTED CONTENTS NOTE
Formatted contents note Moneda y crédito -- El origen y la oferta del dinero en Colombia -- El control del dinero en Colombia -- Moneda, crédito y banca -- La demanda de dinero y la velocidad ingreso de la moneda en Colombia 1960-1980 -- Los vínculos entre el dinero y su valor -- La interrelación de la inflación monetaria y de costos -- Como presentar e interpretar las estadísticas monetarias -- La estacionalidad, la composición y el volumen de la moneda -- Un episodio instructivo en la historia monetaria -- Posibles reformas y modificaciones
520 3# - SUMMARY, ETC.
Summary, etc. Resultado de cuidadosas observaciones realizadas por el profesor Currie sobre los movimientos semanales en la cantidad de dinero durante su desempeño como Asesor de Planeación Nacional en materia de política monetaria, este libro ofrece una visión actualizada de los procesos monetarios en Colombia, incluyendo, entre otros aspectos, el origen y la oferta del dinero, la demanda de dinero y la velocidad ingreso, los vínculos entre el dinero y la interrelación de la inflación monetaria y de costos. Estos afectan a toda la comunidad y sin embargo, anota el autor, son conocidos por muy pocos, de lo cual resulta una relativa incapacidad para las políticas monetarias. Esta obra es un intento para que un mayor numero de personas, especialmente estudiantes, entiendan una de las fuerzas que direccionan la vida económica.
650 14 - SUBJECT ADDED ENTRY--TOPICAL TERM
Topical term or geographic name entry element Moneda
9 (RLIN) 16683
Geographic subdivision Colombia
650 24 - SUBJECT ADDED ENTRY--TOPICAL TERM
Topical term or geographic name entry element Política monetaria
Geographic subdivision Colombia
9 (RLIN) 6926
942 ## - ADDED ENTRY ELEMENTS (KOHA)
Source of classification or shelving scheme Dewey Decimal Classification
Koha item type Books
Existencias
Withdrawn status Lost status Source of classification or shelving scheme Damaged status Not for loan Collection code Home library Current library Date acquired Source of acquisition Full call number Barcode Date last seen Copy number Koha item type
    Dewey Decimal Classification     Non-fiction Biblioteca Pública José María del Castillo y Rada Biblioteca Pública José María del Castillo y Rada 04/15/2018 Donación 332.49861 C976m 430002797 05/16/2024 Ej.1 Books